| 000 | 00705nam a2200205Ia 4500 | ||
|---|---|---|---|
| 001 | 21068 | ||
| 003 | GE_BSU | ||
| 008 | 181216s||||||||xx |||||||||||||| ||und|| | ||
| 040 | _cGE_BSU | ||
| 245 | _aСоциально-гуманитарные знания. 2017. №3 | ||
| 245 | _bНаучно-образовательное издание | ||
| 245 | _cРед. колег,Аванесова Г.А.Миронов, А.Васильевич и др | ||
| 260 | _aМосква | ||
| 260 | _c2017 | ||
| 300 | _a367 стр. 21см. | ||
| 653 | _aПериодика | ||
| 653 | _aСоциально-гуманитарные знания. 2017. №3 | ||
| 653 | _aპერიოდიკა | ||
| 942 | _cCR | ||
| 999 |
_c54016 _d54016 |
||